[Event "GER-ch Net Amateur Gr-B Vor2"]
[Site "Playchess.com INT"]
[Date "2020.04.15"]
[Round "3"]
[White "Kempe, Caius Emilian"]
[Black "Althaus, Lennart"]
[Result "0-1"]
[WhiteElo "1567"]
[BlackElo "1674"]
[PlyCount "104"]
[EventDate "2020.04.15"]
[EventType "swiss (blitz)"]
[EventRounds "9"]
[EventCountry "GER"]
[SourceTitle "CBM 196 Extra"]
[Source "ChessBase"]
[SourceDate "2020.07.31"]
[SourceVersion "1"]
[SourceVersionDate "2020.07.31"]
[SourceQuality "1"]

1. d4 d5 2. c4 c6 3. Nc3 Nf6 4. cxd5 cxd5 5. Bg5 Nc6 6. Nf3 Bf5 7. e3 e6 8. Bd3 Bxd3 9. Qxd3 Be7 10. 0-0 0-0 11. Rac1 Rc8 12. a3 Na5 13. Ne5 h6 14. Bh4 Nc4 15. f4 Qb6 16. Nxc4 Rxc4 17. Qe2 Rfc8 18. Bxf6 Bxf6 19. Rc2 Qc7 20. Rfc1 a6 21. Qd2 b5 22. b4 Be7 23. h3 Kf8 24. g4 Qc6 25. Kh2 a5 26. bxa5 Bxa3 27. Ra1 Rxc3 28. Rxc3 Qxc3 29. Qxc3 Rxc3 30. a6 Rc8 31. Rxa3 Ra8 32. Kg2 b4 33. Rb3 Rxa6 34. Rxb4 Ra2+ 35. Kf3 Ra3 36. Rb8+ Ke7 37. Rb7+ Kf6 38. h4 g6 39. g5+ hxg5 40. hxg5+ Kg7 41. Ra7 Rxa7 42. Kg3 Ra3 43. Kf3 Ra1 44. Ke2 Ra2+ 45. Kf3 f6 46. gxf6+ Kxf6 47. Kg4 Rg2+ 48. Kf3 Ra2 49. Kg4 Ra1 50. Kf3 g5 51. fxg5+ Kxg5 52. Kg3 Ra3 0-1

[Event "Schweinfurt op 29th"]
[Site "Schweinfurt"]
[Date "2019.06.23"]
[Round "6"]
[White "Althaus, Lennart"]
[Black "Brueckner, Alexander"]
[Result "0-1"]
[WhiteElo "1549"]
[BlackElo "1875"]
[PlyCount "58"]
[EventDate "2019.06.20"]
[EventType "swiss"]
[EventRounds "7"]
[EventCountry "GER"]
[SourceTitle "CBM 191 Extra"]
[Source "ChessBase"]
[SourceDate "2019.09.30"]
[SourceVersion "1"]
[SourceVersionDate "2019.09.30"]
[SourceQuality "1"]

1. c4 e5 2. Nc3 Nc6 3. g3 d6 4. Bg2 Be6 5. d3 Qd7 6. e4 g6 7. a3 Bg7 8. b4 Nge7 9. Be3 0-0 10. Qd2 f5 11. Nge2 Rae8 12. 0-0 Nd4 13. Bxd4 exd4 14. Nd5 c6 15. Nxe7+ Rxe7 16. exf5 Bxf5 17. Rfe1 Rfe8 18. Kf1 Bg4 19. Ng1 Bf5 20. a4 Bh6 21. f4 Re3 22. Rxe3 Rxe3 23. Ra3 g5 24. Nf3 gxf4 25. Nxd4 f3 26. Nxf5 fxg2+ 27. Kg1 Qxf5 28. Qd1 Rf3 29. Qe2 Be3+ 0-1

[Event "Schweinfurt op 29th"]
[Site "Schweinfurt"]
[Date "2019.06.20"]
[Round "2"]
[White "Heiduk, Christoph"]
[Black "Althaus, Lennart"]
[Result "1/2-1/2"]
[WhiteElo "1875"]
[BlackElo "1549"]
[PlyCount "90"]
[EventDate "2019.06.20"]
[EventType "swiss"]
[EventRounds "7"]
[EventCountry "GER"]
[SourceTitle "CBM 191 Extra"]
[Source "ChessBase"]
[SourceDate "2019.09.30"]
[SourceVersion "1"]
[SourceVersionDate "2019.09.30"]
[SourceQuality "1"]

1. d4 d5 2. c4 c6 3. cxd5 cxd5 4. Bf4 Nf6 5. Nc3 Nc6 6. e3 e6 7. Bd3 Be7 8. h3 Bd7 9. Nf3 a6 10. 0-0 b5 11. a3 Na5 12. Ne5 Nc4 13. Qe2 0-0 14. g4 Ne8 15. Bh2 Ned6 16. f4 h6 17. Rac1 f5 18. Bb1 Rb8 19. gxf5 Nxf5 20. Bxf5 Rxf5 21. e4 Rf8 22. exd5 exd5 23. Ng6 Rf7 24. Nxd5 Bf6 25. Ne5 Bxe5 26. dxe5 Bxh3 27. Rfd1 Rd7 28. Ne3 Rxd1+ 29. Rxd1 Qb6 30. Rd3 Rc8 31. Bg3 Qg6 32. Nd5 Qe6 33. Nc3 Bg4 34. Qg2 Bf5 35. Rd4 Qb6 36. Bf2 Nxb2 37. Nd5 Qe6 38. Bh4 Rc1+ 39. Kh2 Kh7 40. Ne3 Nc4 41. Nxc4 Rxc4 42. Rxc4 Qxc4 43. Qf2 Qa4 44. Be7 Kg6 45. Bd6 Qc2 1/2-1/2

[Event "Heusenstamm Sparkassen op U14 5th"]
[Site "Heusenstamm"]
[Date "2018.11.24"]
[Round "3"]
[White "Kautz, Christopher"]
[Black "Althaus, Lennart"]
[Result "0-1"]
[WhiteElo "958"]
[BlackElo "1488"]
[PlyCount "96"]
[EventDate "2018.11.23"]
[EventType "swiss"]
[EventRounds "7"]
[EventCountry "GER"]
[SourceTitle "CBM 188 Extra"]
[Source "ChessBase"]
[SourceDate "2019.02.26"]
[SourceVersion "1"]
[SourceVersionDate "2019.02.26"]
[SourceQuality "1"]

1. e4 c5 2. Nf3 d6 3. Nc3 Nf6 4. d4 cxd4 5. Qxd4 Nc6 6. Qd3 Bd7 7. Bf4 g6 8. Qc4 Bg7 9. Rd1 Rc8 10. Qb3 Qa5 11. Bd2 Qb4 12. Bc4 Qxb3 13. Bxb3 0-0 14. Ke2 Bg4 15. Rdg1 Nd4+ 16. Ke3 Bxf3 17. Kxd4 Nxe4+ 18. Ke3 Nxc3 19. bxc3 Bg4 20. c4 Be6 21. h4 Bxc4 22. Bxc4 Rxc4 23. Kd3 Rd4+ 24. Ke3 Rc8 25. Rc1 Rcc4 26. f3 Bh6+ 27. Kf2 Rxd2+ 28. Kg3 Rdd4 29. Kf2 Bxc1 30. Rxc1 Rxh4 31. Kg3 Rhd4 32. c3 Rd3 33. a3 Kg7 34. Kh2 Rdxc3 35. Rxc3 Rxc3 36. a4 Re3 37. a5 d5 38. Kg1 d4 39. Kf2 Re6 40. f4 d3 41. g4 d2 42. f5 gxf5 43. gxf5 Re1 44. f6+ Kxf6 45. a6 d1Q 46. axb7 Qd2+ 47. Kf3 Re3+ 48. Kf4 Qd4# 0-1

[Event "Schoeneck Schoebel Memorial 1st"]
[Site "Schoeneck"]
[Date "2017.12.29"]
[Round "5"]
[White "Althaus, Lennart"]
[Black "Grzeschniok, Anton"]
[Result "0-1"]
[WhiteElo "1247"]
[BlackElo "1876"]
[PlyCount "46"]
[EventDate "2017.12.27"]
[EventType "swiss"]
[EventRounds "7"]
[EventCountry "GER"]
[SourceTitle "CBM 182 Extra"]
[Source "ChessBase"]
[SourceDate "2018.02.23"]
[SourceVersion "1"]
[SourceVersionDate "2018.02.23"]
[SourceQuality "1"]

1. e4 c5 2. Nf3 Nc6 3. d4 cxd4 4. Nxd4 g6 5. Be3 Bg7 6. Nc3 Nf6 7. Qd2 0-0 8. Bh6 Bxh6 9. Qxh6 Nxd4 10. 0-0-0 e5 11. Qg5 d6 12. f3 Be6 13. a3 Nd7 14. Qe3 Qb6 15. Qd3 Rac8 16. g4 Bc4 17. Qd2 Bxf1 18. Rhxf1 Rc7 19. h4 Rfc8 20. h5 Qa5 21. hxg6 fxg6 22. Rh1 Rxc3 23. Rxh7 Rxc2+ 0-1

[Event "GER-ch U10"]
[Site "Willingen"]
[Date "2017.06.07"]
[Round "6"]
[White "Althaus, Lennart"]
[Black "Sommer, Justus"]
[Result "1/2-1/2"]
[WhiteElo "1161"]
[BlackElo "1081"]
[PlyCount "86"]
[EventDate "2017.06.04"]
[EventType "swiss"]
[EventRounds "11"]
[EventCountry "GER"]
[SourceTitle "CBM 178 Extra"]
[Source "ChessBase"]
[SourceDate "2017.06.22"]
[SourceVersion "1"]
[SourceVersionDate "2017.06.22"]
[SourceQuality "1"]

1. e4 e5 2. Nf3 Nc6 3. Bc4 Be7 4. d4 exd4 5. Nxd4 d6 6. Nc3 Nf6 7. h3 0-0 8. 0-0 a6 9. Bg5 Bd7 10. Re1 b5 11. Nxc6 Bxc6 12. Bd3 b4 13. Nb1 Re8 14. Nd2 Qd7 15. e5 dxe5 16. Rxe5 Qd4 17. Bxf6 Bxf6 18. Rxe8+ Rxe8 19. Rb1 Qd5 20. Qf1 g6 21. Nb3 a5 22. Bc4 Qg5 23. g3 a4 24. Nc1 Qc5 25. b3 a3 26. Nd3 Qd6 27. Re1 Rxe1 28. Qxe1 Bc3 29. Qe2 Qd7 30. Kh2 Kg7 31. Ne5 Qe8 32. Nxc6 Qxc6 33. Qd3 Qf6 34. Kg2 Bd4 35. Qf3 Qxf3+ 36. Kxf3 f5 37. Kg2 Kf6 38. f3 g5 39. g4 f4 40. Kf1 Ke5 41. Ke2 c5 42. Kd3 h6 43. Bf7 Be3 1/2-1/2